Planet AIDS : manuale di resistenza attiva alle politiche delle multinazionali farmaceutiche /
Gespeichert in:
| 1. Verfasser: | |
|---|---|
| Format: | Buch |
| Sprache: | Italienisch |
| Veröffentlicht: |
Roma :
DeriveApprodi,
2003
|
| Schriftenreihe: | Fuorifuoco ;
14 |
| Schlagworte: | |
| Tags: |
Keine Tags, Fügen Sie das erste Tag hinzu!
|
MARC
| LEADER | 00000nam a2200000 i 4500 | ||
|---|---|---|---|
| 001 | IT\ICCU\RMS\0191302 | ||
| 003 | ItRI | ||
| 005 | 20260115231955.0 | ||
| 008 | 030725s2003 it |||||| ||||| |||||c | ||
| 015 | |2 IT |a 2004-12072 | ||
| 020 | |a 8888738088 | ||
| 040 | |b ita |c importazione bologna sebina | ||
| 041 | 7 | |a ita |2 ISO-639-2 | |
| 082 | |a 338.436151 |9 INDUSTRIE SECONDARIE E SERVIZI. ASPETTI FINANZIARI. Farmaci (Materia medica) |2 21 | ||
| 082 | |a 362.1969792 |9 PROBLEMI E SERVIZI DI ASSISTENZA SOCIALE. MALATI del sistema immunitario |2 21 | ||
| 100 | 1 | |a Guarinieri, Mauro |0 IT\ICCU\RMSV\067100 |4 aut | |
| 245 | 1 | 0 | |a Planet AIDS : |b manuale di resistenza attiva alle politiche delle multinazionali farmaceutiche / |c Mauro Guarinieri. |
| 260 | |a Roma : |b DeriveApprodi, |c 2003 | ||
| 300 | |a 109 p. ; |c 18 cm. | ||
| 650 | 7 | |a Medicinali |x Costi |2 scbi | |
| 650 | 7 | |a Sindrome da immunodeficienza acquisita |x Aspetti sociali |2 scbi | |
| 830 | 0 | |a Fuorifuoco ; |v 14 |0 IT\ICCU\LO1\0568987 | |
| 942 | |2 ddc |c BK |n 0 | ||
| 952 | |0 0 |1 0 |4 0 |6 A_362_196000000000000_GUA |7 0 |9 18239 |a BO |b BO |d 2026-01-15 |i 18043 |l 0 |o A 362.196 GUA |p BO18043 |r 2026-01-15 23:19:55 |w 2026-01-15 |x [Sebina 5] [1 v.] |y BK |z 1 v. (2. copia) | ||
| 952 | |0 0 |1 0 |4 0 |6 A_362_196000000000000_GUA |7 0 |9 18240 |a BO |b BO |d 2026-01-15 |i 8638 |l 0 |o A 362.196 GUA |p BO8638 |r 2026-01-15 23:19:55 |w 2026-01-15 |x [Sebina 5] [1 v.] |y BK |z 1 v. | ||
| 999 | |c 15455 |d 15455 | ||